Legislación antiterrorista comparado: R.F.A., Gran Bretaña, Perú y Colombia /
Salvato in:
| Autore principale: | |
|---|---|
| Natura: | Libro |
| Lingua: | Spanish |
| Tags: |
Aggiungi Tag
Nessun Tag, puoi essere il primo ad aggiungerne!!
|
MARC
| LEADER | 00000nam a22000007a 4500 | ||
|---|---|---|---|
| 003 | cru CIDCACS/IIS | ||
| 005 | 20170525140705.0 | ||
| 007 | ta | ||
| 008 | 170525s1988 pe ||||| |||| 00| 0 spa d | ||
| 040 | |c cru CIDCACS/IIS | ||
| 100 | 1 | |9 4885 |a Ambos, Kai | |
| 245 | 1 | |a Legislación antiterrorista comparado: |b R.F.A., Gran Bretaña, Perú y Colombia / |c Kai Ambos | |
| 300 | |a páginas 15-29 | ||
| 773 | 0 | |0 19374 |9 926 |a Comisión Andina de Juristas |d Lima, Perú Comisión Andina de Juristas |o 17659 |t Boletín / | |
| 942 | |2 ddc |c PP | ||
| 999 | |c 19398 |d 19398 | ||
